<?xml version="1.0" encoding="UTF-8"?><?xml-stylesheet type="text/xsl" href="static/style.xsl"?><OAI-PMH xmlns="http://www.openarchives.org/OAI/2.0/" xmlns:xsi="http://www.w3.org/2001/XMLSchema-instance" xsi:schemaLocation="http://www.openarchives.org/OAI/2.0/ http://www.openarchives.org/OAI/2.0/OAI-PMH.xsd"><responseDate>2026-06-29T23:01:03Z</responseDate><request verb="GetRecord" identifier="oai:riubu.ubu.es:10259/4537" metadataPrefix="marc">https://riubu.ubu.es/oai/request</request><GetRecord><record><header><identifier>oai:riubu.ubu.es:10259/4537</identifier><datestamp>2022-04-26T11:42:10Z</datestamp><setSpec>com_10259_2699</setSpec><setSpec>col_10259_2703</setSpec></header><metadata><record xmlns="http://www.loc.gov/MARC21/slim" xmlns:doc="http://www.lyncode.com/xoai" xmlns:xsi="http://www.w3.org/2001/XMLSchema-instance" xmlns:dcterms="http://purl.org/dc/terms/" xsi:schemaLocation="http://www.loc.gov/MARC21/slim http://www.loc.gov/standards/marcxml/schema/MARC21slim.xsd">
<leader>00925njm 22002777a 4500</leader>
<datafield tag="042" ind1=" " ind2=" ">
<subfield code="a">dc</subfield>
</datafield>
<datafield tag="720" ind1=" " ind2=" ">
<subfield code="a">Silva Concha, Luzmarina</subfield>
<subfield code="e">author</subfield>
</datafield>
<datafield tag="260" ind1=" " ind2=" ">
<subfield code="c">2015</subfield>
</datafield>
<datafield tag="520" ind1=" " ind2=" ">
<subfield code="a">La investigación da cuenta sobre las tipologías modales multivaradas en población adulta chilena  de 60 y 90 años. Los objetivos propuestos son: Establecer  las  tipologías modales multivariados de personalidad eficaz  en edades comprendidas entre los 60 a 90 años de edad en población chilena; Verificar  las características psicométricas del instrumento empleados en lo referente a fiabilidad, validez y normalización del mismo en la población/muestra objeto de nuestro estudio ; Analizar las diferencias existentes en la población/muestra empleadas en función de las distintas variables que se recogen tales como género, edad, nivel formativo y situación ocupacional en la que se encuentran ; Analizar  las diferencias existentes con carácter general con edades precedentes comprendidas entre los 30 a 59 años de edad. ; Obtener de tipologías modales multivariadas en la población/muestra estudiada. ; Comparar  las tipologías modales obtenidas con las tipologías obtenidas en esas mismas edades previas indicadas. Se utilizó una muestra de 76 personas adultas de 60 años y más residentes en Valparaíso.</subfield>
</datafield>
<datafield tag="024" ind2=" " ind1="8">
<subfield code="a">http://hdl.handle.net/10259/4537</subfield>
</datafield>
<datafield tag="024" ind2=" " ind1="8">
<subfield code="a">10.36443/10259/4537</subfield>
</datafield>
<datafield ind1=" " ind2=" " tag="653">
<subfield code="a">Adulto mayor</subfield>
</datafield>
<datafield ind1=" " ind2=" " tag="653">
<subfield code="a">Personalidad eficaz</subfield>
</datafield>
<datafield ind1=" " ind2=" " tag="653">
<subfield code="a">Tipologías modales multivariadas</subfield>
</datafield>
<datafield ind1=" " ind2=" " tag="653">
<subfield code="a">Dimensiones del yo</subfield>
</datafield>
<datafield ind1=" " ind2=" " tag="653">
<subfield code="a">Población chilena</subfield>
</datafield>
<datafield ind1=" " ind2=" " tag="653">
<subfield code="a">Older adult</subfield>
</datafield>
<datafield ind1=" " ind2=" " tag="653">
<subfield code="a">Effective personality</subfield>
</datafield>
<datafield ind1=" " ind2=" " tag="653">
<subfield code="a">Multivariate manners typologies</subfield>
</datafield>
<datafield ind1=" " ind2=" " tag="653">
<subfield code="a">Dimensions of the self</subfield>
</datafield>
<datafield ind1=" " ind2=" " tag="653">
<subfield code="a">Chilean population</subfield>
</datafield>
<datafield tag="245" ind1="0" ind2="0">
<subfield code="a">Tipologías modales multivariadas de personalidad eficaz en población chilena mayor de 60 años</subfield>
</datafield>
</record></metadata></record></GetRecord></OAI-PMH>